<?xml version="1.0" encoding="UTF-8"?>
<collection xmlns="http://www.loc.gov/MARC21/slim">
<record>
  <controlfield tag="001">170972</controlfield>
  <controlfield tag="005">20260430151736.0</controlfield>
  <datafield tag="024" ind1="7" ind2=" ">
    <subfield code="2">doi</subfield>
    <subfield code="a">10.1016/j.foreco.2026.123779</subfield>
  </datafield>
  <datafield tag="024" ind1="8" ind2=" ">
    <subfield code="2">sideral</subfield>
    <subfield code="a">149039</subfield>
  </datafield>
  <datafield tag="037" ind1=" " ind2=" ">
    <subfield code="a">ART-2026-149039</subfield>
  </datafield>
  <datafield tag="041" ind1=" " ind2=" ">
    <subfield code="a">eng</subfield>
  </datafield>
  <datafield tag="100" ind1=" " ind2=" ">
    <subfield code="a">Serradó, Francesc</subfield>
  </datafield>
  <datafield tag="245" ind1=" " ind2=" ">
    <subfield code="a">Prescribed burns can trigger Diplodia shoot blight in pine forests</subfield>
  </datafield>
  <datafield tag="260" ind1=" " ind2=" ">
    <subfield code="c">2026</subfield>
  </datafield>
  <datafield tag="520" ind1="3" ind2=" ">
    <subfield code="a">Climate change has increased the risk of wildfires, making fuel reduction a key objective in forest management. Prescribed burning is a widely used forest management practice to reduce fuel loads and wildfire risk. In NE Spain, prescribed burns were conducted in a Pinus nigra stand in autumn 2023 and winter 2024, after which extensive crown dieback resembling shoot blight symptoms was observed. Diplodia shoot blight is a disease that affects conifers around the world, particularly pine species. Diplodia shoot blight is caused by the fungus Diplodia sapinea, which shifts from an endophytic to a pathogenic state when the host is under physiological stress such as drought. To determine whether prescribed fire can trigger Diplodia shoot blight, we compared the severity of Diplodia shoot blight in areas subjected to prescribed burns with that of neighbouring control areas. Ground disease assessments were combined with satellite and drone-based multispectral and LiDAR measures. Shoot blight symptoms in burned areas were more than twice as severe as those in unburned areas. Diplodia sapinea was isolated from approximately 70% of pines showing shoot blight symptoms in burned areas. Temporal reconstruction of the outbreak using satellite-based normalised difference vegetation index values showed that the disease appeared after prescribed burning. Drone multispectral imagery combined with a random forest model was a reliable method for large-scale assessment of disease symptoms. When planning prescribed burns in pine forests, managers need to take Diplodia shoot blight into consideration to mitigate the risks of an outbreak.</subfield>
  </datafield>
  <datafield tag="506" ind1="0" ind2=" ">
    <subfield code="a">Access copy available to the general public</subfield>
    <subfield code="f">Unrestricted</subfield>
  </datafield>
  <datafield tag="536" ind1=" " ind2=" ">
    <subfield code="9">info:eu-repo/grantAgreement/ES/MICINN/PID2021-127328OB-I00</subfield>
  </datafield>
  <datafield tag="540" ind1=" " ind2=" ">
    <subfield code="9">info:eu-repo/semantics/openAccess</subfield>
    <subfield code="a">by</subfield>
    <subfield code="u">https://creativecommons.org/licenses/by/4.0/deed.es</subfield>
  </datafield>
  <datafield tag="655" ind1=" " ind2="4">
    <subfield code="a">info:eu-repo/semantics/article</subfield>
    <subfield code="v">info:eu-repo/semantics/publishedVersion</subfield>
  </datafield>
  <datafield tag="700" ind1=" " ind2=" ">
    <subfield code="a">Caballol, Maria</subfield>
  </datafield>
  <datafield tag="700" ind1=" " ind2=" ">
    <subfield code="a">Vendrell, Oriol</subfield>
  </datafield>
  <datafield tag="700" ind1=" " ind2=" ">
    <subfield code="a">Domingo, Dario</subfield>
    <subfield code="0">(orcid)0000-0002-8362-7559</subfield>
  </datafield>
  <datafield tag="700" ind1=" " ind2=" ">
    <subfield code="a">Riva, Juan de la</subfield>
    <subfield code="u">Universidad de Zaragoza</subfield>
    <subfield code="0">(orcid)0000-0003-2615-270X</subfield>
  </datafield>
  <datafield tag="700" ind1=" " ind2=" ">
    <subfield code="a">Oliva, Jonàs</subfield>
  </datafield>
  <datafield tag="710" ind1="2" ind2=" ">
    <subfield code="1">3006</subfield>
    <subfield code="2">010</subfield>
    <subfield code="a">Universidad de Zaragoza</subfield>
    <subfield code="b">Dpto. Geograf. Ordenac.Territ.</subfield>
    <subfield code="c">Área Análisis Geográfico Regi.</subfield>
  </datafield>
  <datafield tag="773" ind1=" " ind2=" ">
    <subfield code="g">613 (2026), 123779 [7 pp.]</subfield>
    <subfield code="p">For. ecol. manag.</subfield>
    <subfield code="t">Forest Ecology and Management</subfield>
    <subfield code="x">0378-1127</subfield>
  </datafield>
  <datafield tag="856" ind1="4" ind2=" ">
    <subfield code="s">6839914</subfield>
    <subfield code="u">http://zaguan.unizar.es/record/170972/files/texto_completo.pdf</subfield>
    <subfield code="y">Versión publicada</subfield>
  </datafield>
  <datafield tag="856" ind1="4" ind2=" ">
    <subfield code="s">2610588</subfield>
    <subfield code="u">http://zaguan.unizar.es/record/170972/files/texto_completo.jpg?subformat=icon</subfield>
    <subfield code="x">icon</subfield>
    <subfield code="y">Versión publicada</subfield>
  </datafield>
  <datafield tag="909" ind1="C" ind2="O">
    <subfield code="o">oai:zaguan.unizar.es:170972</subfield>
    <subfield code="p">articulos</subfield>
    <subfield code="p">driver</subfield>
  </datafield>
  <datafield tag="951" ind1=" " ind2=" ">
    <subfield code="a">2026-04-30-13:58:11</subfield>
  </datafield>
  <datafield tag="980" ind1=" " ind2=" ">
    <subfield code="a">ARTICLE</subfield>
  </datafield>
</record>
</collection>